000 00333nam a2200121Ia 4500
008 220216s9999 xx 000 0 und d
100 _aNavin K Sharma
245 0 _aAutomation in plant tissue culture: Problems and prospects
260 _bCurrent Science
_c1992
300 _aP 507-12
650 _aPlant tissue culture
942 _cJS
999 _c54609
_d54609